000 01153nam a2200289Ia 4500
003 OSt
005 20221005103057.0
006 a|||||r|||| 00| 0
007 ta
008 221004b |||||||| |||| 00| 0 hin d
020 _a8180310515
_c400
024 _a5044
037 _b48, 02/07/2013, University Book House
_cTextual
040 _aCRL
_cCRL
_bhin
041 _2hin
_ahin
082 _aO152v, M6;Q0
100 _aचतुर्वेदी, रामस्वरूप
245 0 _aहिंदी साहित्य और संवेदना का विकास
246 _aHiandī sāhitya aur sanvedanā kā vikāsa
250 _aसंस्क 22
260 _aइलाहाबाद
_bलोकभारती प्रकाशन भारत
_c2011
300 _a315पृ0
_ccm.
490 _aथ्ल्न्च् क्ब्.1 भ्प्छक्प्.1
650 _aहिन्दी साहित्य
942 _hO152v, M6;Q0
_cTEXL
_2cc
999 _c1009374
_d1009374